| 000 | nam a22 a 4500 | ||
|---|---|---|---|
| 999 |
_c3606 _d3606 |
||
| 005 | 20170523120644.0 | ||
| 008 | 170523b1981 ||||| |||| 00| 0 eng d | ||
| 020 | _a1881052818 | ||
| 040 | _aAKMAL | ||
| 082 | _a658.812 BAR | ||
| 090 |
_a658.812 _bBAR |
||
| 245 |
_aThe Complaint is a Gift / _cJanelle Barlow |
||
| 260 |
_aSan Francisco _bBerrett-Koehler Publishers _c1996 |
||
| 300 |
_a222 p. _ccm |
||
| 942 |
_2ddc _cBOOK |
||